La igualdad política: el significado actual de la participación ciudadana

Gardado en:
Detalles Bibliográficos
Autor Principal: Mujica Barrientos, Pedro (autor)
Formato: Libro
Idioma:Lingua castelá
Publicado: Santiago RIL 2010
Edición:1a. ed
Series:Colección Estudios Políticos
Bibliodiversidad
Subjects:
Tags: Engadir etiqueta
Sen Etiquetas, Sexa o primeiro en etiquetar este rexistro!

MARC

LEADER 00000nam a2200000 a 4500
001 UCG3485
003 CL-VaPUC
008 100902e20100500CL |||||||||||||||||spa|d
020 |a 9789562847346 
082 0 4 |a 320.011  |b MUJ  |2 21 
100 |a Mujica Barrientos, Pedro  |e autor  |9 552682 
245 1 3 |a La igualdad política: el significado actual de la participación ciudadana 
250 |a 1a. ed 
300 |a 148 p 
942 |c BK 
945 |d 20100902 00:00:00  |a mfarfan 
260 |a Santiago  |b RIL  |c 2010 
650 7 |a TEORIA DE LA IGUALDAD  |2 CL-VaPUC  |9 537333 
650 0 |a Democracia  |9 255256 
650 0 |a Política  |9 255312 
583 |a last modification  |c 20100902 00:00:00  |k Rodrigo Vera 
490 0 |a Colección Estudios Políticos 
490 0 |a Bibliodiversidad 
999 |c 342553  |d 342551 
952 |0 0  |1 0  |4 0  |6 320_011000000000000_MUJ_2010  |7 0  |8 A  |9 438806  |a BIBHIS  |b BIBHIS  |d 2019-11-22  |i 4710274  |o 320.011 MUJ 2010  |p 4710274  |r 2025-01-20  |w 2019-11-22  |y BK  |k HIS